Statistics for All MCU projects

Click here to take the quiz!

General Stats

  • This quiz has been taken 35 times
    (15 since last reset)
  • The average score is 37 of 43

Answer Stats

HintAnswer% Correct
2011Captain America: The First Avenger
100%
2008Iron Man
100%
2010Iron Man 2
100%
2019Captain Marvel
93%
2016Doctor Strange
93%
2013Iron Man 3
93%
2021Loki
93%
2011Thor
93%
2021WandaVision
93%
2015Ant-Man
86%
2018Ant-Man and the Wasp
86%
2019Avengers: Endgame
86%
2018Avengers: Infinity War
86%
2018Black Panther
86%
2022Black Panther: Wakanda Forever
86%
2021Black Widow
86%
2016Captain America: Civil War
86%
2014Captain America: The Winter Soldier
86%
2014Guardians of the Galaxy
86%
2017Guardians of the Galaxy Vol. 2
86%
2023Guardians of the Galaxy Vol. 3
86%
2021Hawkeye
86%
2022Moon Knight
86%
2022Ms. Marvel
86%
2019Spider-Man: Far From Home
86%
2017Spider-Man: Homecoming
86%
2021Spider-Man: No Way Home
86%
2012The Avengers
86%
2008The Incredible Hulk
86%
2022Thor: Love and Thunder
86%
2017Thor: Ragnarok
86%
2013Thor: The Dark World
86%
2023Ant-Man and the Wasp: Quantumania
79%
2015Avengers: Age of Ultron
79%
2022Doctor Strange in the Multiverse of Madness
79%
2021Eternals
79%
2021Shang-Chi and the Legend of the Ten Rings
79%
2021The Falcon and the Winter Soldier
79%
2021What If...?
79%
2022I Am Groot
71%
2022She-Hulk: Attorney at Law
71%
2022Werewolf by Night
71%
2022Guardians of the Galaxy: Holiday Special
64%

Score Distribution

Percentile by Number Answered

Percent of People with Each Score

Your Score History

You have not taken this quiz since the last reset